000 01188nam0a22002771 4500
001 rc\2624349
005 20110914172022.2
035 _a(NLR Aleph) 006787945
090 _a6113421
_c6113421
100 _a20110914d1931 |||y0rusy50 ca
101 1 _arus
_cger
102 _aRU
105 _ay z |||||
200 1 _aТоварищ министр
_eПолит. сатира в 4 актах Евгения Пауль
_fАвториз. переработка и пер. с нем. Бор. Вакс
_gЕвгений Пауль
210 _aМосква
_aЛенинград
_cГИХЛ
_d1931
_e[Тула]
_gтип. Тулпечати
215 _a60 с., 4 с. объявл.
_d18х13 см.
300 _aБез тит. л. Описано по обложке
327 0 _aДополнение: "Оформление пьесы". Худож. К. Чеботарев
464 0 _12000#$aОформление пьесы$fХудож. К. Чеботарев
700 1 _aПауль
_bЕ.
_gЕвгений
702 1 _aВакс
_bБ. А.
_gБорис Арнольдович
_4730
801 0 _aRU
_bNLR
_gpsbo
801 1 _aRU
_bELAR
_2rusmarc
852 _aNLR
_j31-8/1420
942 _cBOOK
980 _aNB